000 005130000a22001690004500
003 MACL
005 20160214131829.0
008 160214b xxu||||| |||| 00| 0 eng d
040 _aMACL
_cMACL
041 _aHindi
082 _a320
100 _aवर्मा रामचंद्र
_937998
245 _aहिंदू राज्‍य तंत्र
260 _bनागरीप्रचारिणी सभा
_aकाशी
650 _aPolitical Science
_938393
942 _cHIN
_k320
_2ddc
999 _c25477
_d25477